Zmiany w strukturze i konkurencyjnosci polskiego eksportu.

Zmeny v štruktúre poľského vývozu vo svetle teórie obchodu. Opisné zmeny v štruktúre poľského vývozu. Premeny v štruktúre "odhalenej" komparatívnej prevahy poľského exportu. Poľský vývoz v roku 1989 podľa indexov špecializácie. Celkové zhodnotenie zmien v štruktúre vývozu. Počet vývozných skupín tov...

Description complète

Enregistré dans:
Détails bibliographiques
Auteur principal: Michalek, J.J
Format: Chapitre de livre
Langue:polonais
Sujets:
Tags: Ajouter un tag
Pas de tags, Soyez le premier à ajouter un tag!

MARC

LEADER 00000naa a2200000 4500
001 r012370
005 20220826094743.8
041 0 |a pol 
044 |a PL 
245 1 0 |a Zmiany w strukturze i konkurencyjnosci polskiego eksportu.  |c J.J. Michalek 
520 |a Zmeny v štruktúre poľského vývozu vo svetle teórie obchodu. Opisné zmeny v štruktúre poľského vývozu. Premeny v štruktúre "odhalenej" komparatívnej prevahy poľského exportu. Poľský vývoz v roku 1989 podľa indexov špecializácie. Celkové zhodnotenie zmien v štruktúre vývozu. Počet vývozných skupín tovarov. 
610 2 0 |a vývoz 
610 2 0 |a PR 
610 2 0 |a štruktúra vývozu 
610 2 0 |a výhody komparatívne 
610 2 0 |a liberalizácia 
610 2 0 |a konkurencieschopnosť 
610 2 0 |a obchod zahraničný 
610 2 0 |a analýza nákladov 
610 2 0 |a analýza komparatívna 
610 2 0 |a údaje štatistické 
610 2 0 |a diverzifikácia 
610 2 0 |a koncentrácia 
100 1 |a Michalek, J.J.